<?xml version="1.0" encoding="UTF-8"?>
<record
    xmlns:xsi="http://www.w3.org/2001/XMLSchema-instance"
    xsi:schemaLocation="http://www.loc.gov/MARC21/slim http://www.loc.gov/standards/marcxml/schema/MARC21slim.xsd"
    xmlns="http://www.loc.gov/MARC21/slim">

  <leader>00814nam a22002297a 4500</leader>
  <controlfield tag="005">20250131152127.0</controlfield>
  <controlfield tag="008">230617b           ||||| |||| 00| 0 eng d</controlfield>
  <datafield tag="020" ind1=" " ind2=" ">
    <subfield code="a">9788126425198</subfield>
  </datafield>
  <datafield tag="040" ind1=" " ind2=" ">
    <subfield code="c">AL</subfield>
  </datafield>
  <datafield tag="041" ind1=" " ind2=" ">
    <subfield code="a">Malayalam</subfield>
  </datafield>
  <datafield tag="082" ind1=" " ind2=" ">
    <subfield code="2">23</subfield>
    <subfield code="a">894.8123</subfield>
    <subfield code="b">MUMD</subfield>
  </datafield>
  <datafield tag="100" ind1=" " ind2=" ">
    <subfield code="a">Khadeeja Mumthas:</subfield>
    <subfield code="9">196780</subfield>
  </datafield>
  <datafield tag="100" ind1=" " ind2=" ">
    <subfield code="9">124206</subfield>
    <subfield code="d"> &#xD16;&#xD26;&#xD40;&#xD1C; &#xD2E;&#xD41;&#xD02;&#xD24;&#xD3E;&#xD38;&#xD4D; </subfield>
  </datafield>
  <datafield tag="245" ind1=" " ind2=" ">
    <subfield code="a">Doctor Daivamalla</subfield>
    <subfield code="b">&#xD21;&#xD4B;&#xD15;&#xD4D;&#xD1F;&#xD7C; &#xD26;&#xD48;&#xD35;&#xD2E;&#xD32;&#xD4D;&#xD32; </subfield>
  </datafield>
  <datafield tag="260" ind1=" " ind2=" ">
    <subfield code="a">Kottayam</subfield>
    <subfield code="b">D C Books</subfield>
    <subfield code="c">2011</subfield>
  </datafield>
  <datafield tag="300" ind1=" " ind2=" ">
    <subfield code="a">100p.</subfield>
    <subfield code="b">PB</subfield>
    <subfield code="c">21x14cm.</subfield>
  </datafield>
  <datafield tag="365" ind1=" " ind2=" ">
    <subfield code="2">Malayalam</subfield>
    <subfield code="b">60.00</subfield>
    <subfield code="c">&#x20B9;</subfield>
    <subfield code="d">60.00</subfield>
  </datafield>
  <datafield tag="650" ind1=" " ind2=" ">
    <subfield code="a">Malayalam Novel: &#xD2E;&#xD32;&#xD2F;&#xD3E;&#xD33;&#xD02; &#xD28;&#xD4B;&#xD35;&#xD7D; </subfield>
    <subfield code="9">124196</subfield>
  </datafield>
  <datafield tag="650" ind1=" " ind2=" ">
    <subfield code="a">Malayalam Fiction: &#xD2E;&#xD32;&#xD2F;&#xD3E;&#xD33;&#xD02; &#xD2B;&#xD3F;&#xD15;&#xD4D;&#xD37;&#xD7B; </subfield>
    <subfield code="9">124197</subfield>
  </datafield>
  <datafield tag="700" ind1=" " ind2=" ">
    <subfield code="a">MUMTHAS (khadeeja): &#xD2E;&#xD41;&#xD02;&#xD24;&#xD3E;&#xD38;&#xD4D; (&#xD16;&#xD26;&#xD40;&#xD1C;) </subfield>
    <subfield code="9">124198</subfield>
  </datafield>
  <datafield tag="942" ind1=" " ind2=" ">
    <subfield code="2">ddc</subfield>
    <subfield code="c">DB</subfield>
  </datafield>
  <datafield tag="999" ind1=" " ind2=" ">
    <subfield code="c">227556</subfield>
    <subfield code="d">227556</subfield>
  </datafield>
  <datafield tag="952" ind1=" " ind2=" ">
    <subfield code="0">0</subfield>
    <subfield code="1">0</subfield>
    <subfield code="2">ddc</subfield>
    <subfield code="4">0</subfield>
    <subfield code="7">0</subfield>
    <subfield code="8">OTH</subfield>
    <subfield code="a">AL</subfield>
    <subfield code="b">AL</subfield>
    <subfield code="d">2023-06-10</subfield>
    <subfield code="l">0</subfield>
    <subfield code="o">894.8123 MUMD</subfield>
    <subfield code="p">D05780</subfield>
    <subfield code="r">2023-06-17 00:00:00</subfield>
    <subfield code="w">2023-06-17</subfield>
    <subfield code="y">DB</subfield>
    <subfield code="z">Donated by Sara Abubakkar</subfield>
  </datafield>
</record>
